000 00838nam a2200229Ia 4500
003 GCL
008 140319s9999 xx 000 0 ara d
020 _a5463208977
040 _aGCL /
_cGCL
082 0 4 _a219.9
_bر ر
100 1 _aرفعت سيد احمد
245 1 0 _aرسائل جهيمان العتيبى- قائد المقتحمين للمسجد الحرام بمكة :
_b(وثائق تنشر لاول مرة) /
_cرفعت سيد احمد
250 _aالثالثة
260 _aالقاهرة :
_bمكتبة مدبولى ،
_c2004
300 _a438ص ؛
_c24 سم
650 0 4 _aالعقائد
650 0 4 _aالاسلام والاصلاح الدينى
650 0 4 _aعلم الكلام
650 0 4 _aجهيمان العتيبى
650 0 4 _aالاسلام - دفع مطاعن - السعودية
942 _2ddc
_cBK
999 _c7985
_d7985